01755cam a22003974i 4500003000900000005001700009008004100026020001500067035002700082040003300109082001800142100003300160245011000193264007700303300003800380336002100418337002500439338002300464490009300487505058900580526001001169526001001179526000901189526000901198526000901207526000901216526000901225526000901234526000901243526000801252526000801260526000801268526000801276526000801284630006501292PE-LiUPU20250731165455.0150623s r 000 0 d a1850757488 a(Sirsi) i9781850757481 aPE-LiUPUbspacPE-LiUPUerda04a221.07bJ2211 aClines, David J. A.,eautor.10aInterested parties :bthe ideology of writers and readers of the Hebrew Bible.n233 /cDavid J.A. Clines. 1aMidsomer Norton, Bath, Great Britain :bSheffield Academic Press,c1995. a296 páginas ;c24 centímetros atext2rdacontent aunmediated2rdamedia avolume2rdacarrier0 aJournal for the study of the O.T. Supplement Series, 205. Gender, Culture, Theory ;v10 aThe ideology of writers and readers of the Hebrew Bible. -The ten commandments, reading from left to right. -Haggai's temple, constructed, deconstructed and reconstructed. -Metacommentating Amos. -Why is there a song of songs, and what does it do to you if you read it?. -Job and the spirituality of the reformation. -A world founded on water (Psalm 24): reader response, deconstruction and bespoke interpretation. -God in the Pentateuch: reading against the grain. -David the man. -the construction of masculinity in the Hebrew bible. -Psalm 2 and the MLF (Moabite liberation front). aSEG44 aSEG26 aP151 aP150 aP149 aP146 aP145 aP126 aP125 aP92 aP75 aP74 aP27 aP15 aBiblia.pA.T.pPentateucoxCrítica, interpretación, etc.